00464cam a22001571 4500082002900000110003600029245006500065260001900130300002700149490002900176526003700205650002200242650001600264650001800280650000800298 a668.651bCOPcL-17, P-132 aCopper Development Association.00aCopper compounds in agriculture and industrial microbiology. aLondonc[1948] a117 p.billus.c23 cm.1 aIts C. D. A. publication a0b0c0d668_651000000000000_COP 0aCopper compounds. 0aFungicides. 0aInsecticides. 0aMCE